00575nam a2200169Ia 4500003000900000008004100009040001600050080002500066110003300091245014100124260005000265300000800315500001900323650002400342650001800366650002100384IN-BaIIA211028s9999 xx 000 0 eng d cIIA Library a083.7:669.14-42bISI aIndian Standards Institution 0aIndian standard dimensions for round and square steel bars for structural and general engineering purposescIndian Standards Institution aNew DelhibIndian Standards Institutionc1973 a6p. aIS 1732 : 1971 a Square Steel Bars a Standards  aNASA Thesaurus